000
00276nam a22000977a 4500
999
_c
530025
_d
530025
082
_a
625.7250973
_b
AAS
100
_a
AASHTO.
245
_a
A Policy on Geometric Design of Highways and Streets (2011) /
942
_2
ddc
_c
BK